Consulta Nacional de adolescentes y jóvenes por el desarrollo de un sujeto democratico y participativo (Record no. 9826)
[ view plain ]
| 000 -LEADER | |
|---|---|
| campo de control de longitud fija | 00460nam a2200133Ia 4500 |
| 001 - NÚMERO DE CONTROL | |
| campo de control | 2430 |
| 008 - DATOS DE LONGITUD FIJA--INFORMACIÓN GENERAL | |
| campo de control de longitud fija | 241024s9999 xx 000 0 und d |
| 082 ## - NÚMERO DE LA CLASIFICACIÓN DECIMAL DEWEY | |
| Número de clasificación | RD/320.4/R426c/1998 |
| 100 ## - ENTRADA PRINCIPAL--NOMBRE DE PERSONA | |
| Nombre de persona | República Dominicana. Secretaría de Estado de Educación y Cultura |
| 245 #0 - MENCIÓN DEL TÍTULO | |
| Título | Consulta Nacional de adolescentes y jóvenes por el desarrollo de un sujeto democratico y participativo |
| 260 ## - PUBLICACIÓN, DISTRIBUCIÓN, ETC. | |
| Nombre del editor, distribuidor, etc. | Santo Domingo |
| Fecha de publicación, distribución, etc. | 1998 |
| 901 ## - ELEMENTOS DE DATOS A LOCAL LDA (RLIN) | |
| a | 30/8/2012 3:37:52 p.m. |
No items available.